Statistics for First Names of Explorers Quiz

Click here to take the quiz!

General Stats

  • This quiz has been taken 7,255 times
    (7,233 since last reset)
  • The average score is 14 of 24

Answer Stats

First Name Last Name % Correct
ChristopherColumbus
98%
MarcoPolo
97%
Vascoda Gama
84%
NeilArmstrong
83%
AmeliaEarhart
82%
JamesCook
78%
DavyCrockett
76%
EdmundHillary
72%
YuriGagarin
71%
AmerigoVespucci
68%
Jacques-YvesCousteau
66%
JohnCabot
64%
FerdinandMagellan
64%
LeifErikson
61%
HenryHudson
54%
DanielBoone
48%
RoaldAmundsen
46%
WilliamClark
35%
AbelTasman
31%
MeriwetherLewis
31%
GeorgeVancouver
30%
RobertPeary
24%
BartolomeuDias
15%
VitusBering
12%

Score Distribution

Percentile by Number Answered

Percent of People with Each Score

Your Score History

You have not taken this quiz since the last reset